Song Lyrics: Last Friday Night(Minecraft Parody)(Don't Mine at Night) - Statistics

General Stats
  • This quiz has been taken 14 times
    13 since last reset
  • The average score is 295 of 477
Answer Stats
Answer % Correct
D
100%
E
100%
I
100%
M
100%
N
100%
O
100%
T
100%
a
91%
a,
91%
at
91%
be
91%
bed,
91%
night
91%
know
82%
mine
82%
you
82%
zombie
82%
do?
73%
Don't
73%
don't
73%
Go
73%
It
73%
it
73%
my
73%
the
73%
there
73%
to
73%
alright
64%
creeper
64%
feelin'
64%
have
64%
in
64%
is
64%
not
64%
pick
64%
that
64%
there's
64%
There's
64%
you'll
64%
your
64%
you're
64%
And
55%
and
55%
brave
55%
cave
55%
change
55%
kinda
55%
last
55%
Lava
55%
lava
55%
lookin'
55%
me
55%
nothing
55%
oh
55%
so
55%
all
45%
away
45%
brains
45%
broke
45%
day
45%
eat
45%
Figure
45%
gonna
45%
Got
45%
How
45%
If
45%
I'm
45%
into
45%
it's
45%
just
45%
late
45%
left,
45%
left
45%
Make
45%
of
45%
or
45%
out
45%
over
45%
right?
45%
right
45%
said
45%
shards
45%
should
45%
some
45%
thank
45%
too
45%
until
45%
wait
45%
walk
45%
wanna
45%
well
45%
what
45%
whoa
45%
Zombies
45%
am
36%
any
36%
bad
36%
bars
36%
choose
36%
course,
36%
doomed
36%
Drop
36%
half
36%
head
36%
heart
36%
I'll
36%
iron
36%
man,
36%
many
36%
on
36%
planks
36%
quit!
36%
rage
36%
room
36%
say
36%
Three
36%
three
36%
time
36%
times
36%
wooden
36%
wool
36%
another,
27%
big
27%
Down
27%
failed,
27%
get
27%
labyrinth,
27%
lost
27%
Monsters
27%
noise,
27%
one
27%
pretty
27%
really
27%
Remember
27%
scared,
27%
Scary
27%
stone
27%
stuff,
27%
sure
27%
That's
27%
tried
27%
way,
27%
alone
18%
coal
18%
flash
18%
helment
18%
inside
18%
leave
18%
like
18%
mind
18%
old
18%
pieces
18%
pwned
18%
tough
18%
two
18%
Visions
18%
was
18%
won't
18%
Found
9%
gettin'
9%
getting
9%
knots
9%
Stomach's
9%
This
9%
tied
9%
up
9%
No matching quizzes found
Score Distribution
Percent of People with Each Score
Percentile by Number Answered
Your Score History
You have not taken this quiz since the last reset